000 00730nam a2200217Ii 4500
003 JO-AjNU
008 230605s9999||||xx |||||||||||||| ||und||
040 _aJO-AjNU
_bara
_erda
_cJO-AjNU
041 _aara
050 1 4 _aBP161.2.H3848 1988
100 3 _aحوى،سعيد ,
_eauthor
_915731
245 0 0 _aجند الله تخطيطا
250 _aط1
264 3 1 _aبيروت،عمان: دار عمار، 1988
300 _a142ص
336 _atext
_btxt
_2rdacontent
337 _aunmediated
_bn
_2rdamedia
338 _avolume
_bnc
_2rdacarrier
490 0 _aدراسات منهجية هادفة في فقه الدعوة والبناء والعمل الاسلامي 10
650 4 _aالثقافة الاسلامية
_915732
999 _aA4511
_c8079
_d8079